Michael Jackson general knowledge - Statistics

General Stats
  • This quiz has been taken 164 times
  • The average score is 9 of 15
Answer Stats
Question Answer % Correct
P.Y.T. stands for Pretty Young Thing
93%
Jackson's head was burned at a commercial shoot for this company Pepsi
88%
His first album as an adult Off The Wall
86%
The city he died in Los Angeles, California
83%
His middle name Joseph
72%
He called his youngest son by this nickname Blanket
70%
The city he was born in Gary, Indiana
68%
His death date June 25, 2009
54%
His birthdate August 29, 1958
52%
He wanted to portray this superhero on the big screen Spider-Man
52%
This song was supposed to be a duet with Prince Bad
51%
The first album released after his death Michael
51%
Parts of this song were covered in Rihanna's Don't Stop The Music Wanna Be Startin' Somethin'
43%
This song from HIStory features Biggie Smalls This Time Around
34%
The last original single released during his lifetime One More Chance
26%
No matching quizzes found
Score Distribution
Percent of People with Each Score
Percentile by Number Answered
Your Score History
You have not taken this quiz